000 00548nam a2200217 a 4500
001 BS0001951
003 BR-BrBNA
005 20231002151859.0
008 230308b |||||||| |||| 00| 0 por d
040 _aBR-BrBNA
_bpor
_cBiblioteca Nacional de Agricultura
041 _apor
072 _aS86
090 _aS86
_bBS0001951
100 1 _aFigueiredo, Claudio.
245 1 _aO Barão de Itararé /
250 1 _a2 ed
260 3 _aRio de Janeiro, RJ:
_bRecord,
_c1988.
300 _a206 p.
650 _aLITERATURA BRASILEIRA
942 _cBK
_2AGRIS
999 _c6973
_d6973